Normal view
MARC view
Entry Nombre geográfico
001 - NÚMERO DE CONTROL
- campo de control: 128105
003 - IDENTIFICADOR DE NÚMERO DE CONTROL
- campo de control: mxcmmo
005 - FECHA Y HORA DE LA ÚLTIMA TRANSACCIÓN
- campo de control: 20241018035507.0
008 - ELEMENTOS DE DATO DE LONGITUD-FIJA
- campo de control de longitud fija: 241018|| aca||aabn | a|a d
040 ## - FUENTE DE CATALOGACIÓN
- Centro catalogador/agencia de origen: mxcmmo
- Centro/agencia transcriptor: mxcmmo
151 ## - ENCABEZAMIENTO--NOMBRE GEOGRÁFICO
- Nombre geográfico: Hispanoamérica
- Subdivisión general: Condiciones sociales
- Subdivisión cronológica: 1980-
- Subdivisión general: Congresos
670 ## - FUENTE DE DATOS ENCONTRADOS
- Cita de la fuente: Work cat.: (mxcmmo)73164: Encuentro Los Jóvenes en la Lucha por la Unidad de América Latina y el Caribe (2001 : México, D.F. 128104, La juventud en lucha por la unidad de América Latina y el Caribe